[Event "CZE-chT2B 1920"]
[Site "Czech Republic"]
[Date "2020.02.23"]
[Round "9.2"]
[White "Balin, Jan"]
[Black "Slovak, Kilian"]
[Result "1-0"]
[WhiteElo "2359"]
[BlackElo "2189"]
[PlyCount "65"]
[EventDate "2019.10.13"]
[EventType "team-tourn"]
[EventRounds "11"]
[EventCountry "CZE"]
[SourceTitle "EXT 2024"]
[Source "ChessBase"]
[SourceDate "2023.10.10"]
[SourceVersion "1"]
[SourceVersionDate "2023.10.10"]
[SourceQuality "1"]
[WhiteTeam "Podborany"]
[BlackTeam "Kobylisy"]
[WhiteTeamCountry "CZE"]
[BlackTeamCountry "CZE"]

1. c4 Nf6 2. Nc3 g6 3. d4 Bg7 4. e4 0-0 5. Be2 d6 6. Be3 e5 7. d5 Nbd7 8. g4 Nc5 9. f3 a5 10. h4 c6 11. h5 cxd5 12. cxd5 a4 13. Qd2 Bd7 14. Bh6 Bxh6 15. Qxh6 Qa5 16. Rb1 Be8 17. Nh3 b5 18. Kf2 b4 19. Nd1 Bb5 20. Ng5 Ra7 21. Bxb5 Qxb5 22. Kg3 Qd3 23. Nf2 Qe3 24. Kg2 Nd3 25. Nxd3 Qxd3 26. Rbf1 Rc7 27. Rf2 Rc2 28. Nxh7 Rxf2+ 29. Kxf2 Nxe4+ 30. fxe4 Qd4+ 31. Kg3 Qd3+ 32. Kh4 g5+ 33. Nxg5 1-0

[Event "CZE-chT2A 1718"]
[Site "Czech Republic"]
[Date "2018.03.18"]
[Round "10.1"]
[White "Balin, Jan"]
[Black "Slampa, Jan"]
[Result "1/2-1/2"]
[WhiteElo "2358"]
[BlackElo "2203"]
[PlyCount "156"]
[EventDate "2017.10.15"]
[EventType "team-tourn"]
[EventRounds "11"]
[EventCountry "CZE"]
[SourceTitle "EXT 2022"]
[Source "ChessBase"]
[SourceDate "2021.10.06"]
[SourceVersion "1"]
[SourceVersionDate "2021.10.06"]
[SourceQuality "1"]
[WhiteTeam "Podborany"]
[BlackTeam "Udlice"]
[WhiteTeamCountry "CZE"]
[BlackTeamCountry "CZE"]

1. Nf3 Nf6 2. g3 d5 3. c4 c6 4. Bg2 h6 5. 0-0 Bf5 6. cxd5 cxd5 7. Qb3 b6 8. Nc3 e6 9. Nd4 Bh7 10. d3 Bc5 11. Bf4 0-0 12. Qa4 g5 13. Bd2 Qd7 14. Nb3 Qxa4 15. Nxa4 Be7 16. h4 Nfd7 17. hxg5 hxg5 18. f4 gxf4 19. gxf4 Na6 20. Rac1 Ndc5 21. Nbxc5 Nxc5 22. Nxc5 Bxc5+ 23. Kh2 Kg7 24. b4 Bd4 25. Bc3 Bxc3 26. Rxc3 Kf6 27. Rc7 Rfc8 28. Rfc1 Rh8 29. Kg1 a5 30. b5 Rag8 31. Kf2 Rg4 32. Rh1 Rxf4+ 33. Ke3 Rb4 34. Rh6+ Kg5 35. Rh3 Kg6 36. Bf3 Kg7 37. a4 Bg6 38. Rxh8 Kxh8 39. Rc6 Rxa4 40. Rxb6 Rb4 41. Rb8+ Kg7 42. b6 a4 43. Ra8 Rxb6 44. Rxa4 Rb5 45. d4 Kf6 46. Kf4 Rb1 47. Ra6 Rf1 48. Ke3 Kg5 49. Rc6 Rb1 50. Kf2 Rb4 51. e3 Kh4 52. Rc3 Rb2+ 53. Ke1 Bf5 54. Be2 Bg4 55. Bf1 Bf3 56. Rc7 Kg3 57. Bd3 Rb3 58. Kd2 Bh5 59. Rc1 Rb2+ 60. Rc2 Rb4 61. Rc1 Kg2 62. Kc3 Ra4 63. Kd2 Bf3 64. Rc7 Bh5 65. Rc1 Rb4 66. Kc3 Rb6 67. Kd2 f5 68. Rf1 Bf3 69. Rc1 Be4 70. Be2 Kg3 71. Rf1 Rb2+ 72. Kd1 Bc2+ 73. Ke1 Be4 74. Kd1 Bg2 75. Rf4 Ra2 76. Kc1 Ra1+ 77. Kd2 Ra2+ 78. Ke1 Ra1+ 1/2-1/2

[Event "Landesliga Nord 1516"]
[Site "Bayern"]
[Date "2016.02.21"]
[Round "7.2"]
[White "Balin, Jan"]
[Black "Reis, Gerhard"]
[Result "1-0"]
[WhiteElo "2264"]
[BlackElo "2202"]
[PlyCount "65"]
[EventDate "2015.10.11"]
[EventType "team-tourn"]
[EventRounds "9"]
[EventCountry "GER"]
[SourceTitle "EXT 2018"]
[Source "ChessBase"]
[SourceDate "2017.10.13"]
[SourceVersion "1"]
[SourceVersionDate "2017.10.13"]
[SourceQuality "1"]
[WhiteTeam "Bad Koetzting"]
[BlackTeam "Nuernberg Sued SW"]
[WhiteTeamCountry "GER"]
[BlackTeamCountry "GER"]

1. c4 Nf6 2. Nc3 d5 3. d4 g6 4. Qb3 dxc4 5. Qxc4 Bg7 6. e4 0-0 7. h3 b6 8. Be2 Ba6 9. Qa4 Bb7 10. Bf3 e5 11. d5 c6 12. Bg5 cxd5 13. exd5 e4 14. Nxe4 Nbd7 15. Nxf6+ Bxf6 16. Bxf6 Qe8+ 17. Ne2 Nxf6 18. Qd4 Nxd5 19. 0-0 Rd8 20. Rfd1 Ba8 21. Qc4 Rc8 22. Qb3 Nf6 23. Nd4 Bxf3 24. Qxf3 Kg7 25. Qb7 Ra8 26. Rac1 Qb8 27. Ne6+ Kg8 28. Qxb8 Rfxb8 29. Nc7 Ne4 30. Nxa8 Rxa8 31. Rc7 Nc5 32. a3 a5 33. Rd6 1-0

[Event "CZE-chT2A 1516"]
[Site "Czech Republic"]
[Date "2015.12.06"]
[Round "4.2"]
[White "Palek, Miroslav"]
[Black "Balin, Jan"]
[Result "1/2-1/2"]
[WhiteElo "2200"]
[BlackElo "2352"]
[PlyCount "84"]
[EventDate "2015.10.18"]
[EventType "team-tourn"]
[EventRounds "11"]
[EventCountry "CZE"]
[SourceTitle "EXT 2022"]
[Source "ChessBase"]
[SourceDate "2021.10.06"]
[SourceVersion "1"]
[SourceVersionDate "2021.10.06"]
[SourceQuality "1"]
[WhiteTeam "Line"]
[BlackTeam "Podborany"]
[WhiteTeamCountry "CZE"]
[BlackTeamCountry "CZE"]

1. e4 c5 2. Nf3 d6 3. Bb5+ Bd7 4. Bxd7+ Qxd7 5. 0-0 Nc6 6. c3 Nf6 7. d4 cxd4 8. cxd4 d5 9. e5 Ne4 10. Nbd2 e6 11. Qe2 Nxd2 12. Bxd2 Be7 13. Rfc1 0-0 14. Rc2 Rfc8 15. Rac1 a6 16. Qe3 Na7 17. Qb3 Rxc2 18. Rxc2 Rc8 19. Rxc8+ Qxc8 20. g3 Nc6 21. a4 Qc7 22. Kg2 b6 23. Bc3 Bd8 24. Kf1 b5 25. axb5 Qb6 26. Qc2 Qxb5+ 27. Kg2 Bb6 28. h4 a5 29. g4 Bd8 30. Qd2 a4 31. h5 Qc4 32. Qe3 Be7 33. Nd2 Qa6 34. Nf3 Qc4 35. Nd2 Qb5 36. Nf3 Bf8 37. Ne1 Qc4 38. Nf3 Na7 39. Nd2 Qc6 40. Nf3 Nb5 41. Ba5 Qc2 42. Qd2 Qxd2 1/2-1/2

[Event "CZE-chT2B 1415"]
[Site "Czech Republic"]
[Date "2014.11.02"]
[Round "1.1"]
[White "Rehorek, Martin"]
[Black "Balin, Jan"]
[Result "1/2-1/2"]
[WhiteElo "2293"]
[BlackElo "2301"]
[PlyCount "116"]
[EventDate "2014.11.02"]
[EventType "team-tourn"]
[EventRounds "11"]
[EventCountry "CZE"]
[SourceTitle "EXT 2022"]
[Source "ChessBase"]
[SourceDate "2021.10.06"]
[SourceVersion "1"]
[SourceVersionDate "2021.10.06"]
[SourceQuality "1"]
[WhiteTeam "Mlada Boleslav"]
[BlackTeam "Usti nad Labem"]
[WhiteTeamCountry "CZE"]
[BlackTeamCountry "CZE"]

1. e4 c5 2. Nf3 d6 3. d4 cxd4 4. Nxd4 Nf6 5. Nc3 a6 6. Be3 e5 7. Nb3 Be6 8. Be2 Nbd7 9. 0-0 Be7 10. f4 exf4 11. Bxf4 Ne5 12. Qd4 Qc7 13. Rad1 0-0 14. Kh1 Nfd7 15. Qe3 Rfe8 16. Nd4 Bf8 17. Qg3 Qa5 18. Nf5 Bxf5 19. exf5 Kh8 20. Bg5 f6 21. Bc1 Rac8 22. Rf4 b5 23. a3 Qc7 24. a4 Qb7 25. axb5 axb5 26. Rb4 Nb6 27. Bxb5 Red8 28. Rh4 d5 29. Be2 Nbc4 30. Qh3 h6 31. b3 Nd6 32. Bb2 Ndc4 33. Ba1 Na3 34. Bd3 d4 35. Ne2 Nxd3 36. Qxd3 Nxc2 37. Bxd4 Bc5 38. Rxh6+ Kg8 39. Rh4 Bxd4 40. Nxd4 Nxd4 41. Rxd4 Rxd4 42. Qxd4 Qxb3 43. h3 Qg3 44. Qd5+ Kh7 45. Qf7 Qg5 46. Rd4 Qg3 47. Qh5+ Kg8 48. Rd1 Qf4 49. Re1 Rc1 50. Qe8+ Kh7 51. Qg6+ Kg8 52. Rxc1 Qxc1+ 53. Kh2 Qf4+ 54. Kg1 Qc1+ 55. Kf2 Qf4+ 56. Ke2 Qe4+ 57. Kf1 Qf4+ 58. Kg1 Qc1+ 1/2-1/2

[Event "Regionalliga NO 1314"]
[Site "Bayern"]
[Date "2013.12.15"]
[Round "4.2"]
[White "Balin, Jan"]
[Black "Weigel, Robert"]
[Result "1/2-1/2"]
[WhiteElo "2243"]
[BlackElo "2113"]
[PlyCount "166"]
[EventDate "2013.10.13"]
[EventType "team-tourn"]
[EventRounds "9"]
[EventCountry "GER"]
[SourceTitle "EXT 2015"]
[Source "ChessBase"]
[SourceDate "2014.11.20"]
[SourceVersion "1"]
[SourceVersionDate "2014.11.20"]
[SourceQuality "1"]
[WhiteTeam "Bad Koetzting"]
[BlackTeam "Forchheim II"]
[WhiteTeamCountry "GER"]
[BlackTeamCountry "GER"]

1. d4 Nf6 2. c4 e6 3. Nf3 b6 4. a3 Ba6 5. Qa4 c5 6. Nc3 cxd4 7. Nxd4 Bb7 8. Bf4 a6 9. e3 Be7 10. Be2 0-0 11. 0-0 Nc6 12. Nc2 d6 13. Rfd1 Qc7 14. Rac1 Rfc8 15. Bg3 Ne5 16. Rd4 Bf8 17. Rcd1 h6 18. Ne1 Bc6 19. Qc2 Qb7 20. a4 Be8 21. Qb1 Ra7 22. h3 Qa8 23. Nc2 Bc6 24. Ne1 Be8 25. Bf1 Rd7 26. Nc2 Rdd8 27. Qa2 Be7 28. Ra1 Nc6 29. Rdd1 Qb7 30. Be2 Qc7 31. b4 Nb8 32. Nd4 Nfd7 33. a5 bxa5 34. c5 axb4 35. cxd6 Bxd6 36. Ncb5 axb5 37. Nxb5 Qc2 38. Nxd6 Qxa2 39. Rxa2 Rc3 40. Nb5 Rc5 41. Rb2 Nc6 42. Nc7 Nf6 43. Rxd8 Nxd8 44. Rxb4 Nc6 45. Rb7 Bd7 46. Nb5 Na5 47. Rb8+ Rc8 48. Rxc8+ Bxc8 49. Nd6 Bd7 50. Be5 Ne8 51. Ne4 Nc6 52. Bc3 Ne7 53. Ba5 Bc6 54. Nc5 Nd6 55. g4 Ne4 56. Nxe4 Bxe4 57. Kh2 f6 58. Kg3 Kf7 59. Bb6 Bd5 60. Bd3 e5 61. h4 g5 62. Bc5 Nc6 63. Bb5 Nd8 64. Bb6 Ne6 65. Bd3 Bb3 66. h5 Bd5 67. Bg6+ Ke7 68. Ba5 Kf8 69. Bb4+ Kg7 70. Bf5 Kf7 71. Bg6+ Kg7 72. Bd3 Bb3 73. Be4 Bc4 74. Bc6 Be2 75. f3 Bc4 76. Kf2 Bd3 77. Bd6 Bc4 78. Ke1 Kf7 79. Kd2 Ng7 80. Kc3 Be2 81. Kb4 Ke6 82. Bf8 Kf7 83. Bd6 Ke6 1/2-1/2

[Event "CZE-chT2B 1314"]
[Site "Czech Republic"]
[Date "2013.12.01"]
[Round "3.1"]
[White "Balin, Jan"]
[Black "Soural, Jan"]
[Result "1-0"]
[WhiteElo "2309"]
[BlackElo "2178"]
[PlyCount "79"]
[EventDate "2013.11.03"]
[EventType "team-tourn"]
[EventRounds "11"]
[EventCountry "CZE"]
[SourceTitle "EXT 2015"]
[Source "ChessBase"]
[SourceDate "2014.11.20"]
[SourceVersion "1"]
[SourceVersionDate "2014.11.20"]
[SourceQuality "1"]
[WhiteTeam "Usti nad Labem"]
[BlackTeam "Litomerice"]
[WhiteTeamCountry "CZE"]
[BlackTeamCountry "CZE"]

1. d4 Nf6 2. c4 g6 3. Nc3 Bg7 4. e4 d6 5. f4 0-0 6. Nf3 c5 7. d5 e6 8. dxe6 Bxe6 9. Bd3 Nc6 10. 0-0 Nd4 11. Nxd4 cxd4 12. Nb5 a6 13. Na3 Qb6 14. h3 Rae8 15. Re1 Bd7 16. Kh2 Bc6 17. Qc2 Re7 18. Nb1 Rfe8 19. Nd2 Nh5 20. Nb3 Nf6 21. Nd2 Qc7 22. g3 Nd7 23. b4 b6 24. Rb1 f5 25. Ba3 Nf6 26. e5 Ba8 27. b5 Qb7 28. Nb3 Nh5 29. Bxd6 Qf3 30. Rg1 Nxf4 31. gxf4 Qxf4+ 32. Rg3 Rxe5 33. Rf1 Qh4 34. Qf2 R5e6 35. Bf4 h6 36. Nxd4 Bxd4 37. Qxd4 Re2+ 38. Bxe2 Rxe2+ 39. Rf2 Re1 40. Rxg6+ 1-0

[Event "Regionalliga NO 1314"]
[Site "Bayern"]
[Date "2013.11.10"]
[Round "2.2"]
[White "Balin, Jan"]
[Black "Meulner, Klaus"]
[Result "1-0"]
[WhiteElo "2243"]
[BlackElo "2096"]
[PlyCount "119"]
[EventDate "2013.10.13"]
[EventType "team-tourn"]
[EventRounds "9"]
[EventCountry "GER"]
[SourceTitle "EXT 2015"]
[Source "ChessBase"]
[SourceDate "2014.11.20"]
[SourceVersion "1"]
[SourceVersionDate "2014.11.20"]
[SourceQuality "1"]
[WhiteTeam "Bad Koetzting"]
[BlackTeam "Nuernberg Sued SW II"]
[WhiteTeamCountry "GER"]
[BlackTeamCountry "GER"]

1. d4 e6 2. c4 Nf6 3. Nf3 Bb4+ 4. Nbd2 0-0 5. g3 d5 6. Bg2 dxc4 7. Qc2 Nc6 8. Qxc4 Qd5 9. 0-0 Bxd2 10. Qxd5 exd5 11. Bxd2 Bg4 12. e3 Ne4 13. Rfd1 a5 14. h3 Bxf3 15. Bxf3 Nxd2 16. Rxd2 Ne7 17. Rc1 c6 18. Rd3 Nf5 19. Ra3 Nd6 20. Be2 Ra7 21. Rc5 Rfa8 22. Bd3 f5 23. g4 fxg4 24. hxg4 h6 25. Kg2 Kf7 26. f3 Nc8 27. Rc1 Ne7 28. Kf2 a4 29. Bc2 b5 30. Rc3 b4 31. Rc5 Ra5 32. Bd3 Rxc5 33. Rxc5 Ke6 34. e4 Kd7 35. Ke3 a3 36. b3 Kc7 37. Rc2 Kb6 38. e5 g5 39. f4 gxf4+ 40. Kxf4 Rf8+ 41. Kg3 Rc8 42. Rh2 Ng8 43. Bf5 Re8 44. Bh7 c5 45. Bxg8 Rxg8 46. Rxh6+ Kb5 47. dxc5 Kxc5 48. Kf4 Kd4 49. g5 Rf8+ 50. Rf6 Re8 51. e6 Kc3 52. Ke5 d4 53. Kd6 d3 54. e7 d2 55. Rf1 Rg8 56. Kd7 Rxg5 57. e8Q Rd5+ 58. Kc6 d1Q 59. Rxd1 Rxd1 60. Kc5 1-0

[Event "Czech Fed-ch opA"]
[Site "Hrdonov"]
[Date "2013.11.01"]
[Round "8"]
[White "Slampa, Jan"]
[Black "Balin, Jan"]
[Result "0-1"]
[WhiteElo "2097"]
[BlackElo "2309"]
[PlyCount "76"]
[EventDate "2013.10.26"]
[EventType "swiss"]
[EventRounds "9"]
[EventCountry "CZE"]
[SourceTitle "EXT 2016"]
[Source "ChessBase"]
[SourceDate "2015.10.08"]
[SourceVersion "1"]
[SourceVersionDate "2015.10.08"]
[SourceQuality "1"]

1. e4 c5 2. Nf3 d6 3. d4 cxd4 4. Nxd4 Nf6 5. Nc3 a6 6. Bg5 Nbd7 7. Be2 Qc7 8. Qd2 e6 9. a4 b6 10. 0-0 Bb7 11. Bd3 Be7 12. Kh1 Nc5 13. Rae1 h6 14. Bxf6 Bxf6 15. Bc4 0-0 16. Ba2 Qd7 17. f4 Nxa4 18. f5 e5 19. Ne6 Rfe8 20. Nxg7 Kxg7 21. Re3 Nxc3 22. Rg3+ Kf8 23. bxc3 Ke7 24. Bxf7 Rh8 25. Be6 Qc7 26. Qe2 h5 27. Qf2 Raf8 28. Rg6 h4 29. Qf3 h3 30. Qg4 Kd8 31. c4 hxg2+ 32. Qxg2 Qh7 33. Rg4 Qh3 34. Qe2 Rh7 35. Rd1 Kc7 36. Rd3 Qh6 37. Rg6 Bxe4+ 38. Qxe4 Qxh2# 0-1

[Event "Czech Fed-ch opA"]
[Site "Hrdonov"]
[Date "2013.10.29"]
[Round "5"]
[White "Balin, Jan"]
[Black "Simunek, Filip"]
[Result "0-1"]
[WhiteElo "2309"]
[BlackElo "2149"]
[PlyCount "120"]
[EventDate "2013.10.26"]
[EventType "swiss"]
[EventRounds "9"]
[EventCountry "CZE"]
[SourceTitle "EXT 2016"]
[Source "ChessBase"]
[SourceDate "2015.10.08"]
[SourceVersion "1"]
[SourceVersionDate "2015.10.08"]
[SourceQuality "1"]

1. d4 f5 2. e4 fxe4 3. Nc3 Nf6 4. Bg5 Nc6 5. f3 d5 6. Bb5 Bd7 7. fxe4 dxe4 8. Nge2 a6 9. Bxc6 Bxc6 10. Nf4 Qd6 11. d5 Bd7 12. 0-0 0-0-0 13. Bxf6 exf6 14. Nxe4 Qe5 15. Nc3 Bd6 16. g3 g5 17. Nd3 Qe3+ 18. Rf2 h5 19. Qd2 Qd4 20. Re1 f5 21. Nc1 Qg4 22. Rg2 Rdg8 23. Nd3 Re8 24. Rxe8+ Rxe8 25. Re2 h4 26. Rxe8+ Bxe8 27. Qe2 Qxe2 28. Nxe2 Bh5 29. Nd4 hxg3 30. hxg3 Bxg3 31. Nxf5 Bd6 32. Nxd6+ cxd6 33. Kf2 Bg6 34. Ne1 Kd7 35. Ke3 Ke7 36. c4 a5 37. b3 Bb1 38. a3 Ba2 39. Nf3 Bxb3 40. Nxg5 Bxc4 41. Kd4 Bf1 42. Ne4 b5 43. Nd2 Be2 44. Ke3 Bd1 45. Nb1 Bc2 46. Nc3 b4 47. axb4 axb4 48. Ne2 Kf6 49. Kd4 b3 50. Kc3 Ke5 51. Nd4 Bd1 52. Nc6+ Kxd5 53. Nb4+ Ke4 54. Nd3 Bc2 55. Nb2 d5 56. Na4 d4+ 57. Kd2 Kd5 58. Nb6+ Kc5 59. Nd7+ Kb4 60. Ne5 Be4 0-1

[Event "Czech Fed-ch opA"]
[Site "Hrdonov"]
[Date "2013.10.28"]
[Round "3"]
[White "Balin, Jan"]
[Black "Satransky, Jaroslav"]
[Result "1-0"]
[WhiteElo "2309"]
[BlackElo "2199"]
[PlyCount "50"]
[EventDate "2013.10.26"]
[EventType "swiss"]
[EventRounds "9"]
[EventCountry "CZE"]
[SourceTitle "EXT 2016"]
[Source "ChessBase"]
[SourceDate "2015.10.08"]
[SourceVersion "1"]
[SourceVersionDate "2015.10.08"]
[SourceQuality "1"]

1. d4 c5 2. d5 Nf6 3. c4 b5 4. Nd2 Qa5 5. Qc2 bxc4 6. e4 g6 7. Bxc4 d6 8. b3 Bg7 9. Bb2 0-0 10. Bc3 Qc7 11. Ngf3 Nbd7 12. 0-0 a5 13. a4 Nb6 14. Rfe1 Bb7 15. Rad1 Qc8 16. Bb5 Nh5 17. Bxg7 Kxg7 18. h3 Kg8 19. Nc4 Nxc4 20. bxc4 e5 21. dxe6 Qxe6 22. Qd2 Rfd8 23. Nh2 Nf6 24. f3 h5 25. Nf1 Nd7 1-0

[Event "Teplice op 8th"]
[Site "Teplice"]
[Date "2013.06.21"]
[Round "7"]
[White "Balin, Jan"]
[Black "Burg, Twan"]
[Result "0-1"]
[WhiteElo "2342"]
[BlackElo "2481"]
[PlyCount "124"]
[EventDate "2013.06.15"]
[EventType "swiss"]
[EventRounds "9"]
[EventCountry "CZE"]
[SourceTitle "CBM 155 Extra"]
[Source "ChessBase"]
[SourceDate "2013.08.26"]
[SourceVersion "1"]
[SourceVersionDate "2013.08.26"]
[SourceQuality "1"]

1. d4 Nf6 2. c4 e6 3. Nf3 b6 4. Bg5 Bb7 5. Nbd2 h6 6. Bh4 c5 7. e3 cxd4 8. Nxd4 Nc6 9. Nb5 a6 10. Bxf6 gxf6 11. Nc3 Rg8 12. a3 f5 13. Nf3 Rc8 14. Rc1 Na5 15. Nd2 Rg7 16. b4 Nc6 17. b5 Na5 18. bxa6 Bxa6 19. Qa4 Qe7 20. Ncb1 Qc5 21. Rc3 Qc6 22. Qxc6 Rxc6 23. Be2 Rg8 24. 0-0 Bg7 25. Rc2 Ke7 26. a4 Rgc8 27. Na3 d5 28. Rfc1 Rc5 29. Kf1 Be5 30. f4 Bf6 31. Nb5 dxc4 32. Nxc4 Nb3 33. Rb1 Bxb5 34. axb5 Rxc4 35. Bxc4 Rxc4 36. Rxc4 Nd2+ 37. Kf2 Nxc4 38. Rc1 Nd6 39. Rc6 Nxb5 40. Rxb6 Nd6 41. Kf3 h5 42. g3 Nc4 43. Rb7+ Ke8 44. Ke2 Bd8 45. Rb4 Nd6 46. h3 Kd7 47. Kf3 f6 48. Ra4 Bb6 49. Ra8 e5 50. fxe5 fxe5 51. Rh8 Nc4 52. Rxh5 e4+ 53. Ke2 Nxe3 54. Rh7+ Ke8 55. Rb7 Nd5 56. Rg7 Nc3+ 57. Kd2 Bd4 58. Rg5 e3+ 59. Ke1 Ne4 60. Rg8+ Kf7 61. Rc8 Nxg3 62. Rd8 Ne4 0-1

[Event "Teplice op 8th"]
[Site "Teplice"]
[Date "2013.06.15"]
[Round "1"]
[White "Balin, Jan"]
[Black "Novotny, Tomas"]
[Result "1-0"]
[WhiteElo "2342"]
[BlackElo "1862"]
[PlyCount "83"]
[EventDate "2013.06.15"]
[EventType "swiss"]
[EventRounds "9"]
[EventCountry "CZE"]
[SourceTitle "CBM 155 Extra"]
[Source "ChessBase"]
[SourceDate "2013.08.26"]
[SourceVersion "1"]
[SourceVersionDate "2013.08.26"]
[SourceQuality "1"]

1. e4 c5 2. Nf3 Nc6 3. d4 cxd4 4. Nxd4 d6 5. Nc3 Nf6 6. f3 Bd7 7. Be3 g6 8. Qd2 Bg7 9. 0-0-0 Nxd4 10. Bxd4 0-0 11. Kb1 Bc6 12. h4 Qa5 13. Nd5 Qxd2 14. Nxe7+ Kh8 15. Rxd2 Rfd8 16. c4 Nh5 17. Bf2 Be5 18. g4 Nf6 19. Nd5 Bxd5 20. cxd5 Nd7 21. Rc2 b6 22. Bb5 Bf4 23. Rc7 Ne5 24. Bd4 Kg8 25. Bxe5 dxe5 26. Ba6 Kf8 27. h5 g5 28. Rd1 Be3 29. b4 Rd6 30. Rd3 Bd4 31. Rb7 Rf6 32. Rc7 h6 33. Bb7 Rb8 34. Ba6 Ra8 35. Kc2 Ke8 36. Kd1 Kd8 37. Rb7 Rf4 38. a4 Rf6 39. Bb5 a6 40. Bc6 b5 41. Ke2 bxa4 42. Ra3 1-0

[Event "CZE-chT2B 1213"]
[Site "Czech Republic"]
[Date "2013.03.24"]
[Round "11.1"]
[White "Balin, Jan"]
[Black "Kraus, Tomas"]
[Result "1/2-1/2"]
[WhiteElo "2316"]
[BlackElo "2290"]
[PlyCount "104"]
[EventDate "2012.10.14"]
[EventType "team-tourn"]
[EventRounds "11"]
[EventCountry "CZE"]
[SourceTitle "EXT 2015"]
[Source "ChessBase"]
[SourceDate "2014.11.20"]
[SourceVersion "1"]
[SourceVersionDate "2014.11.20"]
[SourceQuality "1"]
[WhiteTeam "Usti nad Labem"]
[BlackTeam "Horice"]
[WhiteTeamCountry "CZE"]
[BlackTeamCountry "CZE"]

1. d4 Nf6 2. c4 e6 3. Nf3 c5 4. d5 exd5 5. cxd5 d6 6. Nc3 g6 7. e4 Bg7 8. Be2 0-0 9. 0-0 Re8 10. Nd2 Na6 11. f4 Nc7 12. a4 b6 13. Bf3 Rb8 14. Re1 h5 15. h3 Ba6 16. Nf1 Bxf1 17. Kxf1 a6 18. e5 Nh7 19. e6 fxe6 20. dxe6 Nf8 21. Qd3 Rxe6 22. Rxe6 Ncxe6 23. Bd5 Kh7 24. Ne4 Qh4 25. Qf3 Nd4 26. Qf2 Qxf2+ 27. Kxf2 Nfe6 28. Ra3 Rf8 29. g3 Rf5 30. Bxe6 Nxe6 31. Nxd6 Rd5 32. Nc4 Rd1 33. Be3 b5 34. axb5 axb5 35. Ne5 Rb1 36. Ra6 Rxb2+ 37. Kf1 Rb1+ 38. Ke2 Rb2+ 39. Kf3 Ng5+ 40. fxg5 Bxe5 41. Bxc5 Rc2 42. Be7 Rc7 43. Re6 Bc3 44. Bf6 Kg8 45. Bxc3 Rxc3+ 46. Kf4 Kf7 47. Rf6+ Kg7 48. Rb6 Rc4+ 49. Ke3 Rc5 50. h4 Rc3+ 51. Kf4 Rc4+ 52. Ke5 Rc5+ 1/2-1/2

[Event "Kouty nad Desnou op-F"]
[Site "Kouty nad Desnou"]
[Date "2013.03.12"]
[Round "5"]
[White "Vanek, Ladislav"]
[Black "Balin, Jan"]
[Result "1/2-1/2"]
[WhiteElo "2181"]
[BlackElo "2316"]
[PlyCount "42"]
[EventDate "2013.03.09"]
[EventType "swiss"]
[EventRounds "9"]
[EventCountry "CZE"]
[SourceTitle "EXT 2015"]
[Source "ChessBase"]
[SourceDate "2014.11.20"]
[SourceVersion "1"]
[SourceVersionDate "2014.11.20"]
[SourceQuality "1"]

1. d4 Nf6 2. c4 e6 3. Nc3 Bb4 4. a3 Bxc3+ 5. bxc3 0-0 6. e3 d6 7. Bd3 e5 8. Ne2 Nc6 9. e4 Qe7 10. f3 b6 11. d5 Na5 12. Ng3 Ne8 13. 0-0 g6 14. f4 exf4 15. Bxf4 Ng7 16. Rf2 Bd7 17. Qf1 f6 18. Rb1 Rf7 19. c5 dxc5 20. Bxc7 c4 21. Bxc4 Qxa3 1/2-1/2

[Event "Kouty nad Desnou op-F"]
[Site "Kouty nad Desnou"]
[Date "2013.03.09"]
[Round "1"]
[White "Richterova, Natasa"]
[Black "Balin, Jan"]
[Result "0-1"]
[WhiteElo "1952"]
[BlackElo "2316"]
[PlyCount "100"]
[EventDate "2013.03.09"]
[EventType "swiss"]
[EventRounds "9"]
[EventCountry "CZE"]
[SourceTitle "EXT 2015"]
[Source "ChessBase"]
[SourceDate "2014.11.20"]
[SourceVersion "1"]
[SourceVersionDate "2014.11.20"]
[SourceQuality "1"]

1. e4 c5 2. Nf3 d6 3. Bb5+ Nc6 4. Bxc6+ bxc6 5. 0-0 e5 6. c3 Bg4 7. d3 Nf6 8. Nbd2 Be7 9. Re1 0-0 10. Nf1 Re8 11. Ng3 Bf8 12. h3 Bd7 13. Bg5 h6 14. Bd2 Qb6 15. Qc2 a5 16. Be3 Rab8 17. Rab1 Qa6 18. c4 g6 19. Bd2 a4 20. Bc3 Nh7 21. Qc1 Nf6 22. Qc2 Bg7 23. Rbd1 Nh7 24. Qd2 Nf8 25. Nh2 h5 26. Nf3 Ne6 27. Rb1 Ra8 28. Qc1 Nf4 29. Qc2 Qc8 30. Bd2 Bxh3 31. Bxf4 exf4 32. gxh3 Qxh3 33. Nf1 Qg4+ 34. Kh2 Qxf3 35. Qe2 Qg4 36. Qxg4 hxg4 37. Kg2 Reb8 38. Nh2 f5 39. exf5 gxf5 40. Re6 f3+ 41. Nxf3 gxf3+ 42. Kxf3 Be5 43. Ke2 Kf7 44. Rh6 Rh8 45. Rxh8 Rxh8 46. b4 axb3 47. axb3 Bd4 48. Rg1 Rb8 49. Rb1 Ra8 50. b4 Rh8 0-1

[Event "CZE-chT2B 1213"]
[Site "Czech Republic"]
[Date "2012.12.02"]
[Round "4.1"]
[White "Forman, Stepan"]
[Black "Balin, Jan"]
[Result "0-1"]
[WhiteElo "2320"]
[BlackElo "2316"]
[PlyCount "70"]
[EventDate "2012.10.14"]
[EventType "team-tourn"]
[EventRounds "11"]
[EventCountry "CZE"]
[SourceTitle "EXT 2015"]
[Source "ChessBase"]
[SourceDate "2014.11.20"]
[SourceVersion "1"]
[SourceVersionDate "2014.11.20"]
[SourceQuality "1"]
[WhiteTeam "Praha Dukla"]
[BlackTeam "Usti nad Labem"]
[WhiteTeamCountry "CZE"]
[BlackTeamCountry "CZE"]

1. d4 Nf6 2. Nf3 g6 3. g3 Bg7 4. Bg2 0-0 5. 0-0 d5 6. Bf4 c5 7. c3 cxd4 8. cxd4 Qb6 9. Bxb8 Rxb8 10. Qb3 Qxb3 11. axb3 a6 12. Nc3 Rd8 13. Rac1 Ne4 14. Rfd1 f6 15. Ne1 f5 16. e3 Rd6 17. Nd3 e6 18. Na4 Bd7 19. Bf1 Bf6 20. f3 Ng5 21. Kf2 Bb5 22. Nc3 Bxd3 23. Rxd3 Rc6 24. Rdd1 Rbc8 25. b4 b5 26. h4 Nf7 27. Na2 Rc2+ 28. Be2 Be7 29. Rxc2 Rxc2 30. Rb1 Bd6 31. g4 fxg4 32. fxg4 Be7 33. h5 Ng5 34. hxg6 Ne4+ 35. Ke1 Bh4+ 0-1